Psychiatrie - Culture générale avancée - Statistiques

Statistiques générales
  • Ce quiz a été pris 143 fois
    91 depuis la dernière actualisation
  • Le résultat moyen est 4 sur 12
Statistiques - réponses
Question Réponse % Correct
Sa deuxième topique introduit le Ça, le Moi et ? Le Surmoi
84%
Quel est l'ouvrage de référence, notamment aux États-Unis, répertoriant les troubles mentaux ? DSM 5
66%
Comment s'appelle plus communément le traitement utilisé dans certains troubles psychiatriques, consistant à provoquer des crises convulsives à l'aide de stimulations électriques? La sismothérapie
47%
Dans la première topique de Freud, celui-ci introduit les termes de Conscient, Inconscient et ? Préconscient
39%
Dans quel film de 1975 Jack Nicholson interprète t-il un personnage se faisant interner en hôpital psychiatrique en simulant la folie? Vol au dessus d'un nid de coucou
33%
Dans quelle série anthologique sortie en 2012, la saison 2 nommée Asylum porte t'elle sur l'histoire horrifique d'un hôpital psychiatrique? American Horror Story
30%
Quel pays possède le plus haut ratio de psychiatre par habitant ? (>50/100000hab) La Suisse
28%
En quelle année a été synthétisée la première molécule neuroleptique ? 1950
20%
Quel terme désigne le courant qui considère la psychiatrie comme nuisible et n'étant pas une spécialité de la médecine ? Antipsychiatrie
19%
Comment appelle-t-on l'accès maniaque découvert chez une personne traitée par antidépresseur ? Le virage maniaque
16%
Que signifie le R dans le terme SDRE ? Représentant
16%
Quelle Reine de France a permit d'ouvrir les premières institutions ancêtres des hôpitaux psychiatriques aujourd'hui ? Anne d'Autriche
6%
Aucun quiz correspondant
Distribution des résultats
% des personnes avec chaque résultat
Percentile par nombre de réponses
Votre historique - résultats
Vous n’avez pas pris ce quiz depuis la dernière actualisation